Anagramas de planetas, anões,satélites (luas),cubewanos e sednoides - Statistics

Estatísticas Gerais
  • Esse quiz foi jogado 27 vezes
  • A pontuação média é 4 de 10
Estatísticas das Respostas
Embaralhar Planeta , anão , e satélite (lua) % Correto
Stolisca Calisto
100%
Ronteca Caronte
100%
Noja Jano
100%
Ula Lua
100%
Ãp
100%
Radopan Pandora
100%
Teumepro Prometeu
100%
Turnosa Saturno
100%
Osl Sol
100%
Oi Io
80%
niatitâ Titânia
80%
Artem Marte
75%
Errta Terra
75%
Risé Éris
67%
Ixn Nix
67%
Naruva Varuna
67%
Fneda Dafne
50%
Tigees Estige
50%
Iaporieu Euporia
50%
Paroeu Europa
50%
Dale Leda
50%
Mkeamkea Makemake
50%
Makana Namaka
50%
Tunone Netuno
50%
Rcoo Orco
50%
Ranou Urano
50%
Dopicu Cupido
33%
Masmi Mimas
33%
Liaféo Ofélia
33%
Ãiti Titã
33%
Ãottri Tritão
33%
Goslo Logos
25%
Bete Tebe
25%
Davar Varda
25%
Elbrium Umbriel
20%
Teiaadras Adrasteia
0%
Ongaeae Aegaeon
0%
Ionalb Albion
0%
Teiamala Amalteia
0%
Elria Ariel
0%
Thkorroa Arrokoth
0%
Lasat Atlas
0%
Sisirabo Borasisi
0%
Osca Caos
0%
Robercé Cérbero
0%
Liadécor Cordélia
0%
Imosde Deimos
0%
Ãolicadeu Deucalião
0%
Teumeepi Epimeteu
0%
Obosf Fobos
0%
Medesgani Ganimedes
0%
Gngonogg Gonggong
0%
Meahau Haumea
0%
Drahi Hidra
0%
Akai'ih Hi'iaka
0%
Oníxi Íxion
0%
Ercúmrio Mercúrio
0%
Tismé Métis
0%
Daranmi Miranda
0%
Ronbeo Oberon
0%
Tãoplu Plutão
0%
Oarqua Quaoar
0%
Cialása Salácia
0%
Dnase Sedna
0%
Kowahiaronhate Teharonhiawako
0%
Tomiste Temisto
0%
Nenhum quiz correspondente encontrado
Distribuição das Pontuações
Porcentagem de Pessoas com Cada Pontuação
Percentil de Números Respondidos
Sua Pontuação Histórica
Você não jogou esse quiz